Shakespeare Misquotations Quiz Stats

Quiz Updated Dec 10, 2012

Challenge
Share
Tweet
Embed
Score 0/20 Timer 06:00
1 Play Today
Quotation Correct Word % Correct
Now is the winter of our discotheque made glorious summer by this son of York.discontent
93%
What's in a name? That which we call a rose by any other name would smell as feet.sweet
84.9%
Though this be gladness, yet there is method in't.madness
77.7%
Double, double, toil and trouble; fire burn and crockpot bubble.cauldron
76.3%
Some are born great, some achieve greatness, and some have greatness crushed upon ’em.thrust
75.7%
We are such stuff as dreams are made on; and our little life is rounded with a sheep.sleep
69.5%
O, beware, my lord, of jealousy! It is the keen-eyed monster which doth mock the meat it feeds on.green-eyed
66.2%
Once more unto the beach, dear friends, once more; or close up the wall with our English dead!breach
62.2%
The quality of mercy is not strain'd, it droppeth as the gentle rage from heaven upon the place beneath.rain
57.5%
There is nothing either good or bad, but drinking makes it so.thinking
57.4%
Quotation Correct Word % Correct
If you kick us, do we not bleed? If you tickle us, do we not laugh?prick
48.1%
Cowards cry many times before their deaths; the valiant never taste of death but once.die
46.5%
How sharper than a serpent's tooth it is to have a thankless boss.child
35.4%
When my love swears that she is made of youth, I do believe her, though I know she lies.truth
34%
O! that this too, too solid flesh would melt, thaw, and resolve itself into a brew.dew
25.2%
As flies to wanton boys, are we to the gods, they kill us for their lunch.sport
24.6%
Let me not to the marriage of true minds admit impertinence.impediments
21.9%
Since brass, nor stone, nor earth, nor boundless sea, but sad morality o'er-sways their power...mortality
21.2%
Full furlong five thy father lies; of his bones are coral made.fathom
21.1%
Be thou as chaste as ice, as pure as snow, thou shalt not escape parody.calumny
9.3%

You're not logged in!

Compare scores with friends on all Sporcle quizzes.
Sign Up with Email
OR
Log In

You Might Also Like...

Show Comments

Extras

Top Quizzes Today


Score Distribution

Your Account Isn't Verified!

In order to create a playlist on Sporcle, you need to verify the email address you used during registration. Go to your Sporcle Settings to finish the process.